Petit Bac - Lettre M - Statistiques

Statistiques générales
  • Ce quiz a été pris 10 061 fois
    10 002 depuis la dernière actualisation
  • Le résultat moyen est 9 sur 10
Statistiques - réponses
Catégories Réponses en M % Correct
Prénom Mathis / Matis / Mathias / Mattias / Macha / Madeline / Madonia / Maelle / Magda / Maggie / Mailis / Malcom / Maline / Malou / Manette / Manolo / Manuel / Marceau / Marcelle / Marcia / Marcus / Margaux / Maria / Marie Marilou / Marilyn / Marin / Marinette / Marius / Marc / Marquise / Martial / Martine / Marylene / Matheo / Mattheo / Matteo / Mathieu / Mattieu / Mathurine / Maurand / Maurice / Max / Maximilien / Medard / Meg / Melanie / Melinda / Melodie / Melvine / Meriem / Michael / Michelle / Mickey / Mildred / Milou / Miquel / Mischa / Moise / Monique / Morgane / Mourad / Mustapha / Maddie / Madelina / Mael / Mafalda / Magdalena / Magloire / Maité / Malik / Mallaury / Malvina / Manfredo / Manon / Manuella / Marcel / Marcelin / Martial / Marek / Margerie / Marianne / Marielle / Marilyne / Marina / Mario / Marjolaine / Marlene / Martha / Marvin / Marylise / Mathew / Mattew / Matthew / Mathilde / Maturin / Mauranne / Mauricette / Maxence / Maya / Mederic / Mehdi / Melchior / Melissa / Melusine / Mercedes / Merlin / Michel / Michou / Miguel / Milio / Miloud / Mirabelle / Mitch / Molly / Monroe / Mortimer / Mubarak / Mydrianne / Madeleine / Madisson / Maelis / Magali / Magdeleine / Magnus / Maivenne / Malika / Malo / Mamadou / Manoel / Manu / Marc / Marceline / Marcello / Marco / Margaret / Marguerite / Maribel / Mariette / Marilyse / Marine / Marion / Marjorie / Maroussa / Marthe / Martina / Marx / Maryvonne / Mathias / Mattias / Mathurin / maud / Maureen / Maverick / Maxime / Mayron / Medrich / Melaine / Melina / Melissandre / Melvil / Meredith / Micha / Micheline / Mickael / Mike / Milo / Mina / Mireille / Modeste / Monica / Montgomery / Mounia / Murielle / Muriel / Myriam / Mahdi / Mehdi
100%
Pays Macédoine / Madagascar / Malaisie / Malawi / Maldives / Mali / Malte / Maroc / Marshall / Martinique / Maurice / Mauritanie / Mayotte / Mexique / Micronésie / Moldavie / Monaco / Mongolie / Mozambique / Monténégro
98%
Objet Machette / Malle / Manche / Manette / Marmite / Marteau / Matraque / Miroir / Mouchoir / Meuble / Moule / Masse / Mètre / Matelas / Massue / Moto / Marqueur / Manique / Mandoline / Micro / Mitraillette / Manivelle / Martinet / Moteur / Mallette / Maquette / Mine / Menotte / Mug / Moulin / Machine / Meule / Mixeur / Marionnette / Mousse / Mortier / Mangeoire / Maillet / Maracas / Marteau / Médaille / Marque page / Manuel / mac / Moustiquaire / Minuteur / Moquette / Microphone / Micro / Moulin à poivre / Magazine / Missile / Manga / Minerve / Muselière / Monnaie / Maquillage / Métronome / Mobile / Mannequin / Molette / Moulinet / Mule / Maryse / Mascara / Moumoute / Mire / Mèche / Meuleuse / Micro onde / Moulinette / Mousqueton / Magnet / Microscope / Machine à coudre / Monocle / Mitrailleuse / Manuscrit / M4 /
96%
Fruit ou légume maceron / mâcre bicorne / mâcre nageante / mâche / Mirabelle / maïs / mangue / manioc / Melon / mauve / marron / mizuna / momordique / margose / menthe / Mandarine / Mangoustan / Mûre / Myrte / Myrtille / morille / Melisse / Mousseron / Milet
95%
Métier Machiniste / Maçon / Magasinier / Magicien / Magistrat / Magnéticien / Magnétiseur / Maïeuticien / Maire / Maître chien / Maître / Major / Majordome / Manager / Maraicher / Mecanicien / Menuisier / Maquettiste / Marchand / Mediateur / Mandataire / Maroquinier / Médecin / Militaire / Modeliste / Monteur / Masseur / Moniteur / Musicien / Macon / Maquilleur / Maquilleuse / Marin / Mineur
94%
Partie du corps Malaire / Manubrium / Marteau / Mastoïde / Maxillaire / Métacarpe / Métatarse / Moelle / Molaire / Main / Muqueuse / Mollet / Menton / Mésencéphale / Mésothéliome / Muscle / Myocarde / Ménisque / Malléole / Mandibule / Manubrium
93%
Marque Mc Donald / Matmut / Mars / Mentos / Maaf / Magnum / M FM / Mikado / Mir / Monique Ranout / Marie / Maille / Manèges à Bijoux / Milka / MMA / Mediatis / Mobicarte / Mattel / Moulynex / MSN / Multimania / Meccano / Majorette / Microsoft / Macif / Maif / Mon Chéri / Moving / Mobalpa / Mr Propre / Monsavon / Maizena / Maalox / McCain / Maggi / Monster Munch / Motorola / Malabar / Méridol / Midas / Mercurochrome / M6 / Mâcon Bus / Madelios / MAE / Magnolia / Maison de la Literie / Mamie Nova / Mammouth / Manix / Manpower / Maped / Marin / Marionnaud / Marmara / Marque Repère / Martini / Meetic / Matelsom / Maxon / Maybelline / Mazars / Mazda / MBT / McDonald’s / McGraw-Hill / MCM / Megavideo / Memorex / Ménestrel / Mennen / Mephisto / Mercedes / Meridiana / Meublena / Mexx / MFI / MFM / MGEL / MGEN / Michel & Augustin / Michelin / Micromania / Miel Pops / Migros / Mikit / Marc dorcel / Mini / Mio / Miofino / Mistergooddeal / Mizik / M&M’s / Mobico / Mobilbox / Mobile Hut / Mobistar / Monabanq / Monoprix / Monsieur Meuble / Monster.fr / Morgan / Morgan Stanley / Morrisons / Mory Team / Moulinex / Mouv’ / Mozilla Firefox / Mr Bricolage / Mr Freeze / Mr. Sub / MSI / MTA / MTC / MTV / Muteki / Mylan / Mgo / Maserati / Mclaren / Mitsubishi / Mini / Midas / Mauboussin / Martini / Mixa / Marshall / mentos / Marc jacobs / Marvel / Mim / Mustang / Mikado / Malboro / Malteser / Mattel / Maif / Maaf / Malboro
93%
Animal Macareux / Machaon / Maki catta / Mamba / Manchot / Mandrill / Mangouste / Mante religieuse / Manul / Mara / Marabout / Markhor / Marmotte / Marsouin / Martin-pêcheur / Martre / Matamata / Matoutou / Méduse / Mégaptère / Ménure / Merle / Mérou / Mésange / Milan / Mille-pattes / Moloch / Monarque / Morpho bleu / Morse / Mouche / Mouette / Mouflon / Moustique / Mouton / Mulet / Mulot / Muntjac / Murène / Murin / Musaraigne / Mygale / Macaque / Mante Religieuse
91%
Vêtement macfarlane / maillot / maillot de bain / manchon / mante / Manchette / manteau / mantille / marcel / melon / microjupe / minijupe / mitaine / mocassin / monokini / mola / mortier / moufle / Mandille / Mariniere / Masque / Montre / Mitaine
89%
Sport Marathon / Marche / MMA / Monocycle / Moto / Moto cross / Motoneige / Mountainboard / Musculation / Muai Thai
78%
Aucun quiz correspondant
Distribution des résultats
% des personnes avec chaque résultat
Percentile par nombre de réponses
Votre historique - résultats
Vous n’avez pas pris ce quiz depuis la dernière actualisation